Aspectos biológicos de las jaibas Callinectes sapidus y C. bocourti de la Ciénaga Grande de Santa Marta, Caribe colombiano (<Crustacea: Decapoda: Portunidae>) (Registro nro. 14320)

Detalles MARC
000 -CABECERA
Campo de control 005320000a22001210004500
090 ## - CLASIFICACIÓN LOCAL
Colección AS
Consecutivo Seriadas
041 0# - IDIOMA
Código de idioma para texto/pista de sonido o título separado
100 1# - ASIENTO PRINCIPAL--NOMBRE PERSONAL
Nombre personal Valencia Cuéllar, María José
245 10 - MENCION DE TITULO
Título Aspectos biológicos de las jaibas Callinectes sapidus y C. bocourti de la Ciénaga Grande de Santa Marta, Caribe colombiano (<Crustacea: Decapoda: Portunidae>)
700 1# - ASIENTO SECUNDARIO - NOMBRE PERSONAL
Nombre personal Campos, Néstor Hernando
773 1# - Item fuente:
Título Revista de la Academia Colombiana de Ciencias Exactas, Fisicas y Naturales
Especificación de materiales 32
Descripción física 75
Paginas del Articulo 733-739
Lugar, editorial y fecha de publicación 1995
Información sobre la relación 19
942 ## - ELEMENTOS ADICIONALES (KOHA)
Tipo de ítem Artículo

No hay ítems disponibles.